000 00431nam a22001457a 4500
020 _a9780750674614
040 _cNUST
082 _a658.2
_bSMI
100 _aSmith , Anthony M
_9123489
110 _aHinchcliffe , Glenn .R
_9123490
245 _aRCM Gateway To World Class Maintenance
260 _aLondon:
_bElsevier Butterworth-Heinemann,
_c2004.
650 _aRCM Gateway To World Class Maintenance
_9123491
942 _2ddc
_cBK
999 _c609665
_d609665